00848 a2200409 4500000002100000001000700021005001700028008004100045010000500086020001800091082001800109100000500127110000500132245006500137250000500202260003800207300001000245490000700255500000500262600000500267610000500272611000500277630002200282650000500304651000500309654000500314700002800319700002400347700002400371710000900395711000500404720000500409730000500414740000500419752000500424856000900429BKB 14227120200902165919.0  a a9789350242315 a530.092bS26C1 a a1 aC.V. Ramancedited by M.H. Syed, Anil Kathuria and M.H. Syed a aMumbaibHimalaya Publishingc2013 a282p. av a a a a aGeneral Reference a a a aKathuria, Anil, ed.bc aSyed, M.H., ed.bc aSyed, M.H., ed.bc abc a a a a a adf